• 首页
  • 本馆介绍
  • 公告通知
  • 最新文献
  • 馆藏检索
  • 电子资源
  • 读者导购
  • 参考咨询
  • 我的图书馆
  • 登录
  • 详细信息显示
  • 放入我的书架
  • 预约/预借图书
  • 作者相关作品
  • 分类相关作品
  • 丛书相关作品
  • 出版社相关作品

书目信息

  • 表格格式
  • 工作单格式
  • 卡片格式
题名:
Nikon Z6/Z7数码微单摄影技巧大全
    
 
作者: 雷波 编著
分册:  
出版信息: 北京   化学工业出版社  2021.7
页数: 214页
开本: 26cm
丛书名:
单 册:
中图分类: TB852.12 , J41
科图分类:
主题词: 数字照相机--单镜头反光照相机--摄影技术 , 数字照相机--单镜头反光照相机--摄影艺术
电子资源:
ISBN: 978-7-122-33812-9
000 01292nam0 2200253 45
001 012001001249
005 20140913110231.0
010    @a978-7-122-33812-9@dCNY99.00
100    @a20190415d2019 em y0chiy50 ea
101 0  @achi
102    @aCN@b110000
105    @aa z 000yy
106    @ar
200 1  @aNikon Z6/Z7数码微单摄影技巧大全@ANikon Z6/Z7 shu ma wei dan she ying ji qiao da quan@b专著@f雷波编著
210    @a北京@c化学工业出版社@d2021.7
215    @a214页@c彩图,彩照@d26cm
330    @a本书是一本全面解析尼康Z6和Z7各项功能、实拍设置技巧及各类拍摄题材实战技法的实用类书籍,将官方手册中没有讲清楚的内容以及抽象的功能描述,通过实拍测试及精美照片示例具体、形象地展现出来。在硬件功能及拍摄参数设置方面,本书不仅针对尼康Z6和Z7相机的特点、结构、菜单功能以及光圈、快门、白平衡、感光度、曝光补偿、测光、对焦、拍摄模式等设置技巧进行了详细的讲解,更针对数款适合该相机配套使用的高性价比镜头进行了详细点评,对常用附件的使用方法和购买技巧进行了深入的解析,以便于各位读者在购得爱机后,能够轻松、愉快地快速上手使用尼康Z6和Z7。
606 0  @a数字照相机@x单镜头反光照相机@x摄影技术
606 0  @a数字照相机@x单镜头反光照相机@x摄影艺术
690    @aTB852.12@v5
690    @aJ41@v5
701  0 @a雷波@Alei bo@4编著
801  0 @aCN@bBJSDL@c20211011
905    @b1333627-30@dTB852.12@e175@f4
    
    Nikon Z6/Z7数码微单摄影技巧大全/雷波编著.-北京:化学工业出版社,2021.7
    214页:彩图,彩照;26cm
    
    
    ISBN 978-7-122-33812-9:CNY99.00
    本书是一本全面解析尼康Z6和Z7各项功能、实拍设置技巧及各类拍摄题材实战技法的实用类书籍,将官方手册中没有讲清楚的内容以及抽象的功能描述,通过实拍测试及精美照片示例具体、形象地展现出来。在硬件功能及拍摄参数设置方面,本书不仅针对尼康Z6和Z7相机的特点、结构、菜单功能以及光圈、快门、白平衡、感光度、曝光补偿、测光、对焦、拍摄模式等设置技巧进行了详细的讲解,更针对数款适合该相机配套使用的高性价比镜头进行了详细点评,对常用附件的使用方法和购买技巧进行了深入的解析,以便于各位读者在购得爱机后,能够轻松、愉快地快速上手使用尼康Z6和Z7。
●
相关链接 在E读中查询图书 在五车中查询图书 在当当中查询图书 在豆瓣中查询图书


正题名:Nikon Z6/Z7数码微单摄影技巧大全     索取号:TB852.12/175         预约/预借

序号 登录号 条形码 馆藏地/架位号 状态 备注
1 1333627   213336273   第二样本阅览室/ [索取号:TB852.12/175] 在馆    
2 1333628   213336282   第三借阅区/ [索取号:TB852.12/175] 在馆    
3 1333629   213336291   第三借阅区/ [索取号:TB852.12/175] 在馆    
4 1333630   213336308   第三借阅区/ [索取号:TB852.12/175] 在馆    
唐山师范学院图书馆 欢迎您!
大连网信软件有限公司© 版权所有